|
|
|
|
| LEADER |
00000nam a2200000 a 4500 |
| 001 |
vtls001263911 |
| 003 |
SK-MaSNL |
| 005 |
20260301195259.0 |
| 008 |
240315s1987 xx 0 und |
| 035 |
|
|
|a SNK000214820
|
| 040 |
|
|
|a SNK
|b slo
|c SNK
|e AACR2
|
| 100 |
1 |
|
|a Bartoněk, Antonín,
|d 1926-2016
|4 aut
|9 168475
|
| 245 |
1 |
|
|a Itálie
|b San Marino.Vatikánský stát.Maltská rep.
|
| 260 |
|
|
|a Praha
|b Olympia
|c 1987
|
| 300 |
|
|
|a 284 s.
|
| 958 |
|
|
|a OND
|
| 999 |
|
|
|c 884875
|d 886805
|
| 952 |
|
|
|t P60, <04>, [BOOK], {604}
|a SNK
|b SNK
|y VYP
|7 0
|p 17A0015126
|o snkIC 107356
|0 0
|1 0
|4 0
|d 1996-10-21
|l 0
|r 2005-01-01 00:00:00
|w 2026-02-24
|